Statistics for Countries of the Americas

Click here to take the quiz!

General Stats

  • This quiz has been taken 46 times
  • The average score is 27 of 35

Answer Stats

Answer% Correct
Argentina
94%
Canada
94%
Mexico
94%
United States
94%
Brazil
91%
Chile
85%
Paraguay
85%
Peru
85%
Bolivia
82%
Uruguay
82%
Barbados
79%
Panama
79%
Suriname
79%
Bahamas
76%
Cuba
76%
Dominica
76%
Jamaica
76%
Venezuela
76%
Antigua and Barbuda
74%
Belize
74%
Colombia
74%
Costa Rica
74%
Dominican Republic
74%
Ecuador
74%
Guatemala
74%
Guyana
74%
Haiti
74%
Nicaragua
74%
El Salvador
71%
Honduras
71%
St. Kitts and Nevis
71%
St. Lucia
68%
Trinidad and Tobago
68%
St. Vincent and the Grenadines
59%
Grenada
56%

Score Distribution

Percentile by Number Answered

Percent of People with Each Score

Your Score History

You have not taken this quiz